[Event "Stuttgarter Stadtmeisterschaft B"]
[Site "Ditzingen"]
[Date "2015.05.17"]
[Round "7.20"]
[White "Muench, Werner"]
[Black "Richter, Nils"]
[Result "1/2-1/2"]
[WhiteElo "1804"]
[BlackElo "1735"]
[PlyCount "38"]
[EventDate "2015.??.??"]
[WhiteTeam "SC Widdern"]
[BlackTeam "TSV/RSK Esslingen"]

1. d4 Nf6 2. c4 g6 3. Nc3 d5 4. Nf3 Bg7 5. Qb3 dxc4 6. Qxc4 O-O 7. e4 Nfd7 8.
Be3 Nb6 9. Qb3 Nc6 10. Rd1 Bg4 11. d5 Ne5 12. Be2 Nxf3+ 13. gxf3 Bh5 14. Nb5 a6
15. Nd4 Qd7 16. Bf4 Rfe8 17. O-O Kh8 18. Nc2 Rad8 19. Ne3 Kg8 1/2-1/2

[Event "Stuttgarter Stadtmeisterschaft B"]
[Site "Ditzingen"]
[Date "2015.05.17"]
[Round "7.21"]
[White "Sax, Leon"]
[Black "Schröder, Stefan"]
[Result "0-1"]
[WhiteElo "1509"]
[BlackElo "1791"]
[PlyCount "50"]
[EventDate "2015.??.??"]
[WhiteTeam "SK Sachsenheim"]
[BlackTeam "Airbus Helicopters Sportgemeinsc"]

1. e4 d5 2. exd5 Qxd5 3. Nc3 Qa5 4. d4 c6 5. Nf3 Bf5 6. Bc4 Nf6 7. O-O e6 8. a3
Bd6 9. b4 Bxb4 10. Ne2 Bd6 11. Re1 O-O 12. Bg5 Nbd7 13. Nh4 Bxc2 14. Qc1 Qa4
15. Ra2 Qxc4 16. Rxc2 Qd5 17. Nc3 Qa5 18. Ra2 Rac8 19. Bd2 Qh5 20. Nf3 c5 21.
Nb5 Bb8 22. Qb2 a6 23. Nc3 cxd4 24. Ne2 d3 25. Ned4 e5 0-1

[Event "Stuttgarter Stadtmeisterschaft B"]
[Site "Ditzingen"]
[Date "2015.05.17"]
[Round "7.22"]
[White "Forster, Lukas"]
[Black "Potthast, Christian"]
[Result "0-1"]
[WhiteElo "1571"]
[BlackElo "1751"]
[PlyCount "72"]
[EventDate "2015.??.??"]
[WhiteTeam "Stuttgarter SF 1879"]
[BlackTeam "SF Kornwestheim"]

1. e4 c6 2. d4 d5 3. Nc3 dxe4 4. Nxe4 Nf6 5. Ng3 g6 6. Nf3 Bg4 7. Be2 Qc7 8. h3
Bxf3 9. Bxf3 Bg7 10. c3 O-O 11. O-O Nbd7 12. Re1 Rfe8 13. Qc2 e5 14. Be3 Rad8
15. Rad1 b6 16. b3 exd4 17. Bxd4 c5 18. Be3 Ne5 19. Be2 Nd5 20. Bd2 Nc6 21. Bf3
Ne5 22. Be2 c4 23. Nf1 b5 24. Ne3 Nf4 25. bxc4 Nxe2+ 26. Rxe2 Nxc4 27. Be1 Nxe3
28. Rxd8 Qxd8 29. Rxe3 Rxe3 30. fxe3 Qd7 31. Kf2 Qd5 32. e4 Qc5+ 33. Ke2 Qc4+
34. Kd1 Be5 35. Qd2 Qxe4 36. Qe2 Qb1+ 0-1

[Event "Stuttgarter Stadtmeisterschaft B"]
[Site "Ditzingen"]
[Date "2015.05.17"]
[Round "7.24"]
[White "Wachtel, Arthur"]
[Black "Ellinger, Harald"]
[Result "1-0"]
[WhiteElo "1607"]
[BlackElo "1854"]
[PlyCount "85"]
[EventDate "2015.??.??"]
[WhiteTeam "SK Freising"]
[BlackTeam "SK Gerlingen"]

1. e4 c5 2. Nf3 d6 3. Bb5+ Bd7 4. Bxd7+ Qxd7 5. O-O Nc6 6. Qe2 e5 7. c3 h6 8.
Rd1 g5 9. d3 Be7 10. Nfd2 O-O-O 11. Nb3 f5 12. d4 cxd4 13. cxd4 exd4 14. Nxd4
fxe4 15. Qxe4 Nf6 16. Qd3 Ne5 17. Qc2+ Kb8 18. Nc3 Rc8 19. Qb3 Nc6 20. Be3 Ng4
21. Nxc6+ Rxc6 22. Bd4 Re8 23. h3 Nf6 24. Rac1 Rec8 25. Qa4 Ra6 26. Qb3 Rac6
27. Rc2 a6 28. Rcd2 Ne8 29. Nd5 Bd8 30. Nb4 Ba5 31. Nxc6+ Qxc6 32. Re2 Nc7 33.
Rc2 Qe4 34. Qd3 Re8 35. Qxe4 Rxe4 36. Be3 Re6 37. Rdc1 Re7 38. a3 Rxe3 39. fxe3
Bb6 40. Kf2 Nd5 41. Re1 Nf4 42. Rd1 d5 43. Kf3 1-0

[Event "Stuttgarter Stadtmeisterschaft B"]
[Site "Ditzingen"]
[Date "2015.05.17"]
[Round "7.25"]
[White "Aubel, Stefan"]
[Black "Pfeilsticker, Thorsten"]
[Result "1-0"]
[WhiteElo "1831"]
[BlackElo "1663"]
[PlyCount "33"]
[EventDate "2015.??.??"]
[WhiteTeam "SV Oberstenfeld"]
[BlackTeam "SV Stuttgart-Wolfbusch"]

1. d4 b5 2. e4 Bb7 3. f3 a6 4. Bd3 e6 5. Ne2 c5 6. c3 Qc7 7. Bf4 d6 8. Bg3 Be7
9. dxc5 Qxc5 10. Bf2 Qc7 11. O-O g5 12. a4 Qa5 13. b4 Qc7 14. axb5 axb5 15.
Bxb5+ Nd7 16. Rxa8+ Bxa8 17. Qa4 1-0

[Event "Stuttgarter Stadtmeisterschaft B"]
[Site "Ditzingen"]
[Date "2015.05.17"]
[Round "7.26"]
[White "Grünert, Thomas"]
[Black "Collin, Alexander"]
[Result "1-0"]
[WhiteElo "1826"]
[BlackElo "1591"]
[PlyCount "58"]
[EventDate "2015.??.??"]
[WhiteTeam "SF Illingen"]
[BlackTeam "Schach-Pinguine Murrhardt"]

1. d4 g6 2. Nf3 Bg7 3. e4 d6 4. c3 Nc6 5. a4 e5 6. Bb5 Bd7 7. Be3 a6 8. Bd3
Nce7 9. Qb3 Be6 10. Qxb7 Rb8 11. Qxa6 Rb6 12. Qa5 Rxb2 13. d5 Bd7 14. Bb5 Bxb5
15. axb5 Qb8 16. c4 Nf6 17. Nbd2 Ng4 18. Ba7 Qb7 19. O-O O-O 20. Qa3 Rxd2 21.
Nxd2 Bh6 22. Be3 Nxe3 23. fxe3 Qb6 24. Rf3 f5 25. Qa7 fxe4 26. Rxf8+ Kxf8 27.
Qxb6 cxb6 28. Kf2 Nf5 29. Nf1 Kf7 1-0

[Event "Stuttgarter Stadtmeisterschaft B"]
[Site "Ditzingen"]
[Date "2015.05.17"]
[Round "7.27"]
[White "Longo, Massimo"]
[Black "Shahisavandi, Abdollah"]
[Result "0-1"]
[WhiteElo "1580"]
[BlackElo "1817"]
[PlyCount "48"]
[EventDate "2015.??.??"]
[WhiteTeam "SK Germering"]
[BlackTeam "Karlsruher SF 1853"]

1. d4 Nf6 2. Nf3 g6 3. c4 Bg7 4. Nc3 O-O 5. b4 a5 6. b5 a4 7. a3 e5 8. dxe5 Ng4
9. Bb2 c6 10. Qd4 d6 11. Qxd6 Qb6 12. c5 Qa5 13. b6 Nd7 14. Qd2 Nxc5 15. Rd1
Qxb6 16. e3 Be6 17. Nd4 Nxe5 18. Nxe6 fxe6 19. Ba1 Rad8 20. Qc2 Rxd1+ 21. Nxd1
Rd8 22. Bd4 Qa5+ 23. Nc3 Nb3 24. Be2 c5 0-1

[Event "Stuttgarter Stadtmeisterschaft B"]
[Site "Ditzingen"]
[Date "2015.05.17"]
[Round "7.28"]
[White "Schreiber, Stephan"]
[Black "Schröck, Holger"]
[Result "1-0"]
[WhiteElo "1767"]
[BlackElo "1499"]
[PlyCount "67"]
[EventDate "2015.??.??"]
[WhiteTeam "SC Botnang"]
[BlackTeam "TSV Heumaden"]

1. d4 d5 2. Bf4 Nf6 3. e3 e6 4. Bd3 c5 5. c3 c4 6. Bc2 Bd7 7. Nf3 Nc6 8. Nbd2
Be7 9. O-O Nh5 10. Ne5 Nxf4 11. exf4 Nxe5 12. fxe5 Qc7 13. Qh5 g6 14. Qg4 h5
15. Qe2 O-O-O 16. f4 Rdf8 17. Nf3 Qd8 18. b3 Bb5 19. bxc4 Bxc4 20. Bd3 Bxd3 21.
Qxd3 g5 22. fxg5 Bxg5 23. c4 Bf4 24. Rab1 Rfg8 25. Qb3 b6 26. c5 h4 27. cxb6
Bxh2+ 28. Nxh2 axb6 29. Qxb6 Rxg2+ 30. Kxg2 h3+ 31. Kh1 Qh4 32. Qc6+ Kd8 33.
Qd6+ Kc8 34. Rb8# 1-0

[Event "Stuttgarter Stadtmeisterschaft B"]
[Site "Ditzingen"]
[Date "2015.05.17"]
[Round "7.30"]
[White "Kelemen, Alexander"]
[Black "Krebs, Thomas"]
[Result "1/2-1/2"]
[WhiteElo "1688"]
[BlackElo "1455"]
[PlyCount "36"]
[EventDate "2015.??.??"]
[WhiteTeam "SC WeiÃŸe Dame Ulm"]
[BlackTeam "SK e4 Gerlingen"]

1. d4 e6 2. c4 d5 3. Nc3 Nf6 4. cxd5 exd5 5. Bg5 Be7 6. e3 c6 7. Bd3 h6 8. Bf4
Bd6 9. Bg3 b6 10. Qc2 a5 11. Nf3 Ba6 12. O-O Bxd3 13. Qxd3 O-O 14. Ne5 Nh5 15.
Nf3 Nxg3 16. hxg3 f5 17. Rac1 Ra7 18. Ne2 g5 1/2-1/2

[Event "Stuttgarter Stadtmeisterschaft B"]
[Site "Ditzingen"]
[Date "2015.05.17"]
[Round "7.31"]
[White "Schmitz, Harald"]
[Black "Dendic, Amar"]
[Result "0-1"]
[WhiteElo "1701"]
[BlackElo "1449"]
[PlyCount "108"]
[EventDate "2015.??.??"]
[WhiteTeam "SC Aidlingen"]
[BlackTeam "Stuttgarter SF 1879"]

1. e4 e5 2. f4 exf4 3. Nf3 Be7 4. Bc4 Bh4+ 5. Kf1 d6 6. d4 Bg4 7. Bxf4 Nc6 8.
Be3 Qe7 9. Nc3 O-O-O 10. Qd2 Bxf3 11. gxf3 Qf6 12. Be2 Nh6 13. Rg1 Qe6 14. Bb5
Qf6 15. Be2 Rhg8 16. Bg5 Bxg5 17. Qxg5 Qxg5 18. Rxg5 Nxd4 19. Nd5 Rde8 20. c3
Nxe2 21. Kxe2 c6 22. Nb4 f5 23. Kd3 g6 24. Rag1 Nf7 25. R5g3 Ne5+ 26. Kc2 c5
27. Nd5 Rgf8 28. f4 Nc6 29. exf5 Rxf5 30. Rg5 Rxg5 31. Rxg5 Re2+ 32. Kc1 Rxh2
33. f5 gxf5 34. Rxf5 b6 35. Rf8+ Kb7 36. Rf7+ Ka6 37. Nc7+ Ka5 38. Nd5 h5 39.
Rc7 Kb5 40. b3 Na5 41. Rxa7 c4 42. a4+ Kc5 43. b4+ Kxd5 44. bxa5 bxa5 45. Rxa5+
Kc6 46. Rg5 h4 47. Rh5 h3 48. a5 Rh1+ 49. Kc2 h2 50. Kb2 Kd7 51. a6 Kc7 52. a7
Kb7 53. Rh7+ Ka8 54. Kc2 Ra1 0-1

[Event "Stuttgarter Stadtmeisterschaft B"]
[Site "Ditzingen"]
[Date "2015.05.17"]
[Round "7.32"]
[White "Ungerer, Tobias"]
[Black "Herbst, Rudolf"]
[Result "1/2-1/2"]
[WhiteElo "1179"]
[BlackElo "1681"]
[PlyCount "38"]
[EventDate "2015.??.??"]
[WhiteTeam "Schach-Kids Bernhausen"]
[BlackTeam "SG Fasanenhof"]

1. e4 c6 2. d4 d5 3. exd5 cxd5 4. c4 Nf6 5. Nf3 e6 6. Nc3 Be7 7. Be2 O-O 8. O-O
dxc4 9. Bxc4 Qc7 10. Bb3 b6 11. Bc2 Bb7 12. Be3 Ng4 13. g3 Nd7 14. Rc1 Nxe3 15.
fxe3 Kh8 16. Ne4 Rad8 17. Qd3 g6 18. Qc3 Nf6 19. Nxf6 Bxf6 1/2-1/2

[Event "Stuttgarter Stadtmeisterschaft B"]
[Site "Ditzingen"]
[Date "2015.05.17"]
[Round "7.35"]
[White "Schmölzing, Matthias"]
[Black "Pelezki, Jurij"]
[Result "0-1"]
[WhiteElo "1568"]
[BlackElo "1822"]
[PlyCount "54"]
[EventDate "2015.??.??"]
[WhiteTeam "SV WÃ¼rzburg"]
[BlackTeam "SV Fellbach"]

1. e4 c5 2. Nf3 Nc6 3. d4 cxd4 4. Nxd4 e5 5. Nb5 d6 6. N1c3 a6 7. Na3 Be6 8.
Bc4 b5 9. Bxe6 fxe6 10. Ne2 Nf6 11. Bg5 Be7 12. Bxf6 Bxf6 13. O-O O-O 14. c3
Qe7 15. Qb3 Na5 16. Qd1 Rad8 17. f4 Qa7+ 18. Kh1 Qe3 19. Ng3 exf4 20. Nc2 Qa7
21. Rxf4 Be5 22. Rxf8+ Rxf8 23. Ne2 Nc4 24. Qc1 Qf2 25. Ned4 Rf6 26. b3 Nd2 27.
Qe1 Qf4 0-1

[Event "Stuttgarter Stadtmeisterschaft B"]
[Site "Ditzingen"]
[Date "2015.05.17"]
[Round "7.36"]
[White "Fischer, Lothar"]
[Black "Dallinger, Moritz"]
[Result "1-0"]
[WhiteElo "1717"]
[BlackElo "1570"]
[PlyCount "117"]
[EventDate "2015.??.??"]
[WhiteTeam "SV Reutlingen"]
[BlackTeam "SV Stuttgart-Wolfbusch"]

1. e4 c5 2. c3 Nf6 3. e5 Nd5 4. g3 Qc7 5. f4 d6 6. Bg2 Nb6 7. Qe2 dxe5 8. fxe5
Nc6 9. Nf3 Bg4 10. O-O Bxf3 11. Qxf3 O-O-O 12. Re1 e6 13. d3 Nd5 14. Qe4 h6 15.
a4 g5 16. Na3 a6 17. Nc4 Rd7 18. a5 Be7 19. Rf1 Nd8 20. Be3 h5 21. h3 g4 22. h4
f5 23. exf6 Nxf6 24. Rxf6 Bxf6 25. Nb6+ Kb8 26. Nxd7+ Qxd7 27. Qf4+ Ka8 28.
Qxf6 Rh7 29. Be4 Rf7 30. Qe5 Nc6 31. Qxc5 Qc7 32. Kg2 Kb8 33. Bxc6 bxc6 34.
Qb6+ Qxb6 35. Bxb6 Rf3 36. d4 Rd3 37. Rf1 Rd2+ 38. Rf2 Rd1 39. Re2 Rb1 40. Kf2
Kb7 41. b4 Rc1 42. Re3 Rc2+ 43. Ke1 Rc1+ 44. Kd2 Rg1 45. Kd3 Kc8 46. Ke4 Kd7
47. Ke5 Rf1 48. Ke4 Rf7 49. c4 e5 50. dxe5 Ke6 51. Rd3 Rf1 52. Rd6+ Ke7 53.
Bd8+ Ke8 54. Bg5 Rf3 55. Bf4 Rb3 56. Rxc6 Rxb4 57. Kd5 Rb7 58. e6 Ra7 59. Rc8+
1-0

[Event "Stuttgarter Stadtmeisterschaft B"]
[Site "Ditzingen"]
[Date "2015.05.17"]
[Round "7.37"]
[White "Stegmiller, Dennis"]
[Black "Helmich, Jörg"]
[Result "1/2-1/2"]
[WhiteElo "1349"]
[BlackElo "1704"]
[PlyCount "40"]
[EventDate "2015.??.??"]
[WhiteTeam "TSF Ditzingen"]
[BlackTeam "Regensb. Turnerschaft"]

1. d4 f5 2. c4 Nf6 3. g3 g6 4. Bg2 Bg7 5. Nf3 O-O 6. O-O d6 7. Nc3 Qe8 8. Qb3
c6 9. c5+ Kh8 10. cxd6 exd6 11. Bf4 d5 12. Bd6 Rg8 13. e3 Ne4 14. Nxe4 fxe4 15.
Ne5 Nd7 16. Nxd7 Qxd7 17. Bb4 Bf8 18. Rac1 Bxb4 19. Qxb4 Qg7 20. Qd6 Bf5
1/2-1/2

[Event "Stuttgarter Stadtmeisterschaft B"]
[Site "Ditzingen"]
[Date "2015.05.17"]
[Round "7.38"]
[White "Domingos, Antonio"]
[Black "Khamenya, Vitalia"]
[Result "1-0"]
[WhiteElo "1690"]
[BlackElo "1570"]
[PlyCount "63"]
[EventDate "2015.??.??"]
[BlackTeam "SK Gräfelfing"]

1. e4 c5 2. Nf3 e6 3. d4 cxd4 4. Nxd4 a6 5. Nc3 Qc7 6. Be3 Nf6 7. f3 b5 8. Qd3
Bb7 9. g4 h6 10. O-O-O Nc6 11. h4 Nb4 12. Qd2 O-O-O 13. Be2 Be7 14. Kb1 Ne8 15.
a4 bxa4 16. Nxa4 Qa5 17. Qc3+ Nc7 18. Qb3 g6 19. c3 Nc6 20. Kc2 Na8 21. Nxc6
Bxc6 22. Nb6+ Kc7 23. Nxa8+ Rxa8 24. Ra1 Ba4 25. Rxa4 Qe5 26. Qb6+ Kc8 27. Rc4+
Bc5 28. Rxc5+ Qxc5 29. Bxc5 d5 30. Bxa6+ Kd7 31. Qd6+ Ke8 32. Bb5# 1-0

[Event "Stuttgarter Stadtmeisterschaft B"]
[Site "Ditzingen"]
[Date "2015.05.17"]
[Round "7.39"]
[White "Kobald, Matthias"]
[Black "Jüttner, Maik"]
[Result "1-0"]
[WhiteElo "1683"]
[BlackElo "1483"]
[PlyCount "59"]
[EventDate "2015.??.??"]
[WhiteTeam "SV Stuttgart-Wolfbusch"]
[BlackTeam "SpVgg Rommelshausen"]

1. c4 c5 2. Nf3 e6 3. Nc3 Nf6 4. g3 d5 5. cxd5 exd5 6. d4 Bf5 7. Bg2 Nc6 8. a3
Qd7 9. O-O Bh3 10. Be3 Bxg2 11. Kxg2 Ng4 12. Bf4 cxd4 13. Nxd4 Nxd4 14. Qxd4
Nf6 15. Rfd1 b6 16. Nxd5 Qb7 17. Qe5+ Be7 18. e4 Nxd5 19. Qxd5 Qxd5 20. Rxd5
O-O 21. Rad1 Rfe8 22. f3 Rac8 23. Rd7 Rc2+ 24. Kh3 Rxb2 25. Rxe7 Rc8 26. Rxa7
Rb5 27. Rd5 Rb3 28. Kg4 g6 29. Bh6 Rb2 30. h4 1-0

[Event "Stuttgarter Stadtmeisterschaft B"]
[Site "Ditzingen"]
[Date "2015.05.17"]
[Round "7.40"]
[White "Hartmann, Anatoli"]
[Black "Christ, Marcel"]
[Result "0-1"]
[WhiteElo "1630"]
[BlackElo "1658"]
[PlyCount "109"]
[EventDate "2015.??.??"]
[WhiteTeam "SK Sachsenheim"]
[BlackTeam "SC Ingersheim"]

1. d4 Nf6 2. Bf4 d6 3. h3 h6 4. e3 Nbd7 5. Bd3 c5 6. Ne2 b6 7. O-O Bb7 8. Nd2
e5 9. dxe5 Nxe5 10. Bxe5 dxe5 11. Bb5+ Nd7 12. Nb3 a6 13. Bxd7+ Qxd7 14. Qxd7+
Kxd7 15. Rad1+ Kc7 16. f3 c4 17. Nd2 b5 18. e4 Bc5+ 19. Kh2 Bc8 20. c3 g6 21.
f4 exf4 22. Nxf4 Bd6 23. g3 Bb7 24. Nd5+ Bxd5 25. exd5 f5 26. Nf3 h5 27. h4
Rhe8 28. Rfe1 a5 29. a3 Bc5 30. Kg2 Rad8 31. Ng5 Rxe1 32. Rxe1 Rxd5 33. Re2 Kd7
34. Ne6 Bd6 35. Ng5 Rd3 36. Nf3 f4 37. gxf4 Bxf4 38. Re4 Bd6 39. Kf2 Rd1 40.
Nd4 Rb1 41. Re2 Bc5 42. Kf3 Bxd4 43. cxd4 b4 44. axb4 axb4 45. Ke4 Kd6 46. Ke3
Rg1 47. Rf2 Rg4 48. Rf4 Rxf4 49. Kxf4 Kd5 50. Ke3 b3 51. Ke2 Kxd4 52. Kd2 c3+
53. bxc3+ Kc4 54. Kc1 Kxc3 55. Kb1 0-1

[Event "Stuttgarter Stadtmeisterschaft B"]
[Site "Ditzingen"]
[Date "2015.05.17"]
[Round "7.41"]
[White "Lang, Thomas"]
[Black "Froehlich, Franziska"]
[Result "0-1"]
[WhiteElo "1653"]
[BlackElo "1456"]
[PlyCount "50"]
[EventDate "2015.??.??"]
[WhiteTeam "SV Jedesheim"]
[BlackTeam "SK Gerlingen"]

1. e4 e6 2. d4 d5 3. Nd2 Nf6 4. e5 Nfd7 5. f4 c5 6. c3 Nc6 7. Ngf3 Qb6 8. Nb3
a5 9. a4 cxd4 10. cxd4 Bb4+ 11. Kf2 O-O 12. Bb5 f6 13. Bxc6 bxc6 14. Be3 fxe5
15. dxe5 c5 16. Kg3 Ba6 17. Qc2 d4 18. Ng5 Rf5 19. Bd2 Bxd2 20. Nxd2 Nxe5 21.
Nde4 Ng6 22. Nh3 Raf8 23. Neg5 Qd6 24. Qe4 e5 25. fxe5 Rxe5 0-1

[Event "Stuttgarter Stadtmeisterschaft B"]
[Site "Ditzingen"]
[Date "2015.05.17"]
[Round "7.42"]
[White "Zaytsev, Evgeny"]
[Black "Blum, Michael"]
[Result "1-0"]
[WhiteElo "1736"]
[BlackElo "1562"]
[PlyCount "131"]
[EventDate "2015.??.??"]
[WhiteTeam "Stuttgarter SF"]
[BlackTeam "SC Aidlingen"]

1. e4 c5 2. Nf3 d6 3. d4 cxd4 4. Nxd4 Nf6 5. Nc3 a6 6. Bc4 e6 7. Bb3 Be7 8. O-O
Nc6 9. Be3 O-O 10. f4 Na5 11. Kh1 Nxb3 12. axb3 Qc7 13. f5 b5 14. Ndxb5 Qd7 15.
Nd4 Bb7 16. Qd3 Ng4 17. Bg1 Ne5 18. Qg3 Bf6 19. Rad1 Rad8 20. Qh3 Qc8 21. Bf2
exf5 22. Nxf5 g6 23. Qg3 Qe6 24. Bb6 Rd7 25. Ba5 Kh8 26. Nd4 Qe7 27. Nd5 Bxd5
28. exd5 Bg7 29. Nc6 Qe8 30. Bc3 f6 31. Nd4 Rff7 32. Ne6 Qa8 33. h3 Kg8 34. Qh4
Rb7 35. Rf2 g5 36. Qe4 Rbe7 37. Qa4 Bh8 38. Qa3 Rd7 39. Bb4 Qa7 40. Rdf1 Qb7
41. c4 Nd3 42. Ba5 Qa7 43. Rf3 Nc5 44. Nd8 Rfe7 45. Nc6 Qb7 46. Nxe7+ Rxe7 47.
Bd8 Rf7 48. Bxf6 Bxf6 49. Rxf6 Rxf6 50. Rxf6 Qe7 51. Rf1 Qe2 52. Qa1 Ne4 53.
Qc1 Ng3+ 54. Kg1 Nxf1 55. Qxg5+ Kh8 56. Qf6+ Kg8 57. Qxf1 Qxb2 58. Qd1 Qc3 59.
Qg4+ Kh8 60. Qc8+ Kg7 61. Qd7+ Kh8 62. Qxd6 Qxb3 63. Qe5+ Kg8 64. c5 a5 65. d6
Qc2 66. Kh2 1-0

[Event "Stuttgarter Stadtmeisterschaft B"]
[Site "Ditzingen"]
[Date "2015.05.17"]
[Round "7.43"]
[White "Giebler, Kai"]
[Black "Hornung, Richard"]
[Result "1/2-1/2"]
[WhiteElo "1528"]
[BlackElo "1716"]
[PlyCount "133"]
[EventDate "2015.??.??"]
[WhiteTeam "TSF Ditzingen"]
[BlackTeam "SG Schwabing MÃ¼nchen"]

1. e4 d6 2. d4 Nd7 3. Nc3 e5 4. Nf3 c6 5. dxe5 dxe5 6. Bc4 h6 7. Be3 Ngf6 8. a3
Qc7 9. h3 a5 10. O-O Be7 11. Qd2 Bc5 12. Rad1 Bxe3 13. Qxe3 O-O 14. Nh4 b5 15.
Bb3 Nb6 16. Rfe1 Nc4 17. Bxc4 bxc4 18. Qc5 g5 19. Nf3 g4 20. Qxe5 Qxe5 21. Nxe5
gxh3 22. gxh3 Bxh3 23. Nxc6 Kh7 24. Kh2 Bd7 25. Ne5 Be6 26. Rd6 Rab8 27. Nd1
Rg8 28. f3 Ne8 29. Rc6 Rb5 30. f4 Nf6 31. Rg1 Rxg1 32. Kxg1 Nxe4 33. Nxc4 Rh5
34. Nd6 Bd5 35. Nxe4 Bxe4 36. Rc4 Rh1+ 37. Kf2 Bd5 38. Rd4 Be6 39. Kg2 Rh5 40.
Ne3 Rb5 41. Nd1 Rc5 42. Nc3 Bf5 43. Rd2 h5 44. Kf3 h4 45. Rh2 h3 46. Ne4 Rc6
47. Ng5+ Kg6 48. Nxh3 Bxc2 49. Rg2+ Kf6 50. Ng5 Bd1+ 51. Ke3 Rc2 52. Rxc2 Bxc2
53. Ne4+ Ke6 54. Ng5+ Kf6 55. Kd4 Bb3 56. Ne4+ Kf5 57. Nc5 Bd1 58. b4 axb4 59.
axb4 Kxf4 60. b5 Bf3 61. b6 Ba8 62. Nd7 Kf5 63. Kc5 Ke6 64. Nb8 Ke7 65. Nc6+
Ke6 66. Nd8+ Ke7 67. Nxf7 1/2-1/2

[Event "Stuttgarter Stadtmeisterschaft B"]
[Site "Ditzingen"]
[Date "2015.05.17"]
[Round "7.44"]
[White "De Oliveira Vasconcelos, Marcel B"]
[Black "Ziegler, Michael"]
[Result "1-0"]
[WhiteElo "1499"]
[BlackElo "1692"]
[PlyCount "49"]
[EventDate "2015.??.??"]
[WhiteTeam "SV Dicker Turm Esslingen"]
[BlackTeam "SF Kornwestheim"]

1. d4 d6 2. Nf3 Nf6 3. Bf4 g6 4. e3 Bg7 5. Be2 O-O 6. O-O Re8 7. c4 c6 8. Nc3
Nh5 9. Bg3 Nxg3 10. hxg3 Bg4 11. Rc1 Nd7 12. b4 Rb8 13. a4 e5 14. dxe5 Bxf3 15.
Bxf3 Nxe5 16. Be2 Qe7 17. b5 c5 18. Nd5 Qd7 19. f4 Nc6 20. bxc6 bxc6 21. Nc3
Rxe3 22. Qd2 Rxg3 23. Ne4 Bd4+ 24. Qxd4 cxd4 25. Nf6+ 1-0

[Event "Stuttgarter Stadtmeisterschaft B"]
[Site "Ditzingen"]
[Date "2015.05.17"]
[Round "7.47"]
[White "Steinmassl, Guido"]
[Black "Funk, Christian"]
[Result "1/2-1/2"]
[WhiteElo "1636"]
[BlackElo "1450"]
[PlyCount "111"]
[EventDate "2015.??.??"]
[WhiteTeam "SK Gerlingen"]
[BlackTeam "Ssg Fils-Lauter e. V."]

1. c4 Nf6 2. Nc3 e6 3. g3 Bb4 4. Bg2 O-O 5. d4 d5 6. Bf4 Nc6 7. Rb1 b6 8. Qc2
Nxd4 9. Qd3 Nf5 10. a3 Bxc3+ 11. bxc3 Ba6 12. Nf3 Bxc4 13. Qc2 Rc8 14. Ne5 c5
15. Qa4 a5 16. Nxc4 dxc4 17. Qxc4 Ne7 18. Rd1 Qe8 19. Qb3 Nfd5 20. Bd6 Rd8 21.
Bxe7 Qxe7 22. Bxd5 exd5 23. Qxb6 Rfe8 24. O-O a4 25. Qc6 c4 26. Qxa4 Ra8 27.
Qc6 Rxa3 28. Rfe1 Qe6 29. Qxd5 Qxd5 30. Rxd5 Rxc3 31. Ra1 g6 32. Rd7 Rc2 33. e3
c3 34. Rc7 Rb8 35. Raa7 Rf8 36. Ra3 Rc1+ 37. Kg2 c2 38. Rac3 Rd8 39. Rxc2 Rxc2
40. Rxc2 Rd7 41. e4 Kg7 42. Re2 Re7 43. f4 h5 44. Kf3 Kf6 45. Rb2 Ra7 46. Rb6+
Kg7 47. Rb3 Kf6 48. h3 Ra1 49. e5+ Ke6 50. Rb6+ Ke7 51. Rb3 Rf1+ 52. Kg2 Ra1
53. Rd3 Ra2+ 54. Kf3 Ra1 55. g4 h4 56. Ke4 1/2-1/2

[Event "Stuttgarter Stadtmeisterschaft B"]
[Site "Ditzingen"]
[Date "2015.05.17"]
[Round "7.48"]
[White "Weisensel, Wolfgang"]
[Black "Conrady, Philipp"]
[Result "1/2-1/2"]
[WhiteElo "1685"]
[BlackElo "1366"]
[PlyCount "100"]
[EventDate "2015.??.??"]
[WhiteTeam "Stuttgarter SF"]
[BlackTeam "SV Würzburg"]

1. d4 Nf6 2. Nf3 g6 3. Bf4 Bg7 4. h3 d5 5. e3 O-O 6. Nbd2 Bf5 7. Nb3 Nbd7 8.
Be2 Rc8 9. Rc1 c5 10. dxc5 Nxc5 11. c3 Nxb3 12. Qxb3 b6 13. O-O Ne4 14. Rfd1
Rc5 15. c4 dxc4 16. Rxd8 cxb3 17. Rxf8+ Kxf8 18. Rd1 Bxb2 19. axb3 Rc8 20. Bc4
Nc5 21. Be5 Bxe5 22. Nxe5 Bc2 23. Ra1 f6 24. Nf3 Rc7 25. Nd4 Bf5 26. Nb5 Rd7
27. Nxa7 Rd2 28. Nb5 Be6 29. Ra8+ Kg7 30. Bxe6 Nxe6 31. Ra7 Kf7 32. Rb7 Nc5 33.
Rxb6 Nxb3 34. Nd6+ Rxd6 35. Rxb3 Rd1+ 36. Kh2 Rd2 37. f3 h5 38. Kg3 Ra2 39. Rb4
Ra7 40. f4 Rd7 41. Rb2 Kg7 42. Kf3 Kh6 43. g3 Kg7 44. h4 Kf7 45. Rb5 Ra7 46.
Rb3 Ra5 47. e4 Ra7 48. Rd3 Rb7 49. Re3 e6 50. e5 f5 1/2-1/2

[Event "Stuttgarter Stadtmeisterschaft B"]
[Site "Ditzingen"]
[Date "2015.05.17"]
[Round "7.49"]
[White "Kalwei, Reinhard"]
[Black "De Luna Butz, Alberto"]
[Result "1-0"]
[WhiteElo "1510"]
[BlackElo "1802"]
[PlyCount "99"]
[EventDate "2015.??.??"]
[WhiteTeam "SC Aidlingen"]
[BlackTeam "SV Oberstenfeld"]

1. e4 e6 2. d4 d5 3. exd5 exd5 4. Nf3 Bd6 5. Nc3 c6 6. Be2 Nf6 7. Bg5 h6 8. Bh4
Bf5 9. Bd3 Qe7+ 10. Ne2 Bg4 11. Nfg1 Nbd7 12. f3 g5 13. Bf2 Be6 14. Qd2 O-O-O
15. O-O-O Nb6 16. Bg3 Nc4 17. Bxc4 dxc4 18. Bxd6 Qxd6 19. Nc3 Rhe8 20. Nge2 Nd5
21. Ne4 Qc7 22. Nc5 b6 23. Nxe6 Rxe6 24. g3 Rde8 25. Nc3 Qe7 26. Nxd5 cxd5 27.
Rdf1 Re2 28. Qc3 Qe3+ 29. Qxe3 R8xe3 30. Kd1 Kd7 31. f4 g4 32. f5 Rg2 33. Re1
Rxe1+ 34. Rxe1 Rxh2 35. f6 Rf2 36. Re7+ Kd6 37. Rxf7 a5 38. Rf8 Rf3 39. f7 Ke7
40. Rb8 Kxf7 41. Rxb6 h5 42. Rb5 Ke6 43. Rxa5 Rxg3 44. Ra6+ Kf5 45. a4 Ke4 46.
Rh6 Kxd4 47. a5 Ke3 48. Re6+ Kf4 49. a6 Rg1+ 50. Re1 1-0

[Event "Stuttgarter Stadtmeisterschaft B"]
[Site "Ditzingen"]
[Date "2015.05.17"]
[Round "7.50"]
[White "Awiszus, Thomas"]
[Black "Grünwald, Max"]
[Result "1-0"]
[WhiteElo "1619"]
[BlackElo "1560"]
[PlyCount "79"]
[EventDate "2015.??.??"]
[WhiteTeam "SK Schmiden/Cannstatt"]
[BlackTeam "SV Jedesheim"]

1. d4 Nf6 2. Nf3 g6 3. Bf4 Bg7 4. e3 O-O 5. Bd3 Nh5 6. Bg3 Nxg3 7. hxg3 d6 8.
Ng5 h6 9. Nf3 e5 10. c3 f5 11. Qb3+ Kh8 12. Nh4 g5 13. Ng6+ Kh7 14. Nxf8+ Qxf8
15. Nd2 Qe7 16. O-O-O e4 17. Bc2 Nc6 18. g4 a5 19. f3 a4 20. Qb5 Na7 21. Qe2 d5
22. Bxa4 Nc6 23. Bb3 Be6 24. gxf5 Bxf5 25. Bxd5 exf3 26. gxf3 Na5 27. e4 c6 28.
Bc4 Nxc4 29. Qxc4 Be6 30. Qd3 Rxa2 31. Kb1 Qd8 32. Nc4 Ra4 33. Nd2 Qa8 34. c4
b5 35. d5 Ra2 36. e5+ Kh8 37. dxe6 Bxe5 38. Rxh6+ Kg8 39. Qh7+ Kf8 40. Qf7# 1-0

[Event "Stuttgarter Stadtmeisterschaft B"]
[Site "Ditzingen"]
[Date "2015.05.17"]
[Round "7.51"]
[White "Hoch, Jannik"]
[Black "Schreiber, Winfried"]
[Result "1/2-1/2"]
[WhiteElo "1325"]
[BlackElo "1563"]
[PlyCount "91"]
[EventDate "2015.??.??"]
[WhiteTeam "SV Dettingen Erms"]

1. e4 c5 2. Nf3 Nc6 3. d4 cxd4 4. Nxd4 e6 5. Be3 Nf6 6. f3 g6 7. Qd2 a6 8. Nc3
Bg7 9. Bh6 Bxh6 10. Qxh6 Nxd4 11. Qg7 Rg8 12. Qh6 Nxc2+ 13. Kd2 Nxa1 14. Bd3
Qb6 15. Rb1 Qf2+ 16. Be2 Qd4+ 17. Bd3 Qb4 18. g4 Qf8 19. Qg5 Qg7 20. Rxa1 d6
21. Rc1 h6 22. Qf4 e5 23. Qe3 g5 24. Qb6 Ke7 25. Na4 Rd8 26. Qc7+ Rd7 27. Qc3
Rb8 28. Nb6 Qh8 29. Nxc8+ Rxc8 30. Qxc8 Qxc8 31. Rxc8 h5 32. h3 hxg4 33. hxg4
d5 34. Ke2 dxe4 35. Bxe4 Nxe4 36. fxe4 Kd6 37. Rc3 Rc7 38. Rxc7 Kxc7 39. Kd3 b5
40. b4 Kb6 41. a3 a5 42. Ke3 Kc6 43. Kf3 Kd6 44. Kg3 f6 45. Kf3 Ke6 46. Kg3
1/2-1/2